[Event "20th Dubai Open 2018"]
[Site "Dubai UAE"]
[Date "2018.04.04"]
[Round "3.32"]
[White "Sindarov, Javokhir"]
[Black "Senthil, Maran K"]
[Result "0-1"]
[WhiteTitle "IM"]
[WhiteElo "2431"]
[BlackElo "2178"]
[WhiteFideId "14205483"]
[BlackFideId "25035681"]
[EventDate "2018.04.02"]

1. e4 c6 2. d4 d5 3. f3 Qb6 4. Nc3 dxe4 5. Nxe4 Nf6 6. c3 Nxe4 7. fxe4 e5 8. Bc4
Be7 9. Qh5 O-O 10. Qxe5 Bh4+ 11. g3 Bf6 12. Qf4 Bxd4 13. Nf3 Bf6 14. e5 Be7 15.
Nd4 Qc5 16. Nb3 Qb6 17. Be3 c5 18. O-O Bh3 19. Rf2 Be6 20. Bxe6 fxe6 21. Qxf8+
Bxf8 22. Rxf8+ Kxf8 23. Bxc5+ Ke8 24. Bxb6 axb6 25. a3 Nc6 26. Rd1 Ke7 27. Rd6
Rd8 28. Nd4 Rxd6 29. exd6+ Kxd6 30. Nxc6 Kxc6 31. Kf2 Kd5 32. b3 Ke4 33. Ke2 b5
34. h3 g5 35. g4 e5 36. a4 bxa4 37. bxa4 Kd5 38. Kd3 e4+ 39. Kd2 Kc4 40. a5 h6
41. Ke3 Kxc3 42. Kxe4 Kb4 43. Kf5 Kxa5 44. Kg6 b5 45. Kxh6 b4 46. Kxg5 b3 47.
Kh6 b2 48. g5 b1=Q 49. h4 Qb6+ 50. g6 Qe3+ 51. Kh5 Qe7 52. g7 Qf7+ 53. Kh6 Qf4+
54. Kg6 Qg4+ 55. Kf7 Qf5+ 56. Kg8 Kb6 0-1

[Event "20th Dubai Open 2018"]
[Site "Dubai UAE"]
[Date "2018.04.04"]
[Round "3.33"]
[White "Khademalsharieh, Sarasadat"]
[Black "Makropoulou, Marina"]
[Result "1-0"]
[WhiteTitle "IM"]
[BlackTitle "WGM"]
[WhiteElo "2424"]
[BlackElo "2167"]
[WhiteFideId "12512214"]
[BlackFideId "4200187"]
[EventDate "2018.04.02"]

1. d4 d5 2. c4 c6 3. Nf3 Nf6 4. e3 a6 5. Be2 e6 6. O-O Nbd7 7. b3 Be7 8. Bb2 O-O
9. Nbd2 b6 10. Qc2 Bb7 11. e4 Rc8 12. Rad1 Qc7 13. Bd3 g6 14. Rfe1 Rfe8 15. Qb1
Bb4 16. a3 Bf8 17. b4 Bg7 18. e5 Ng4 19. h3 Nh6 20. c5 bxc5 21. bxc5 a5 22. Bc3
Ra8 23. Nb3 a4 24. Nc1 Reb8 25. Qc2 Ba6 26. Bxa6 Rxa6 27. Nd3 Raa8 28. Rb1 Rxb1
29. Rxb1 f6 30. exf6 Bxf6 31. Re1 Re8 32. Qxa4 Nf7 33. Qc2 e5 34. dxe5 Nfxe5 35.
Nfxe5 Nxe5 36. f4 Nxd3 37. Rxe8+ Kf7 38. Bxf6 Kxe8 39. Qxd3 1-0

[Event "20th Dubai Open 2018"]
[Site "Dubai UAE"]
[Date "2018.04.04"]
[Round "3.34"]
[White "Bhambure, Shantanu"]
[Black "Arjun, Kalyan"]
[Result "0-1"]
[WhiteElo "2155"]
[BlackElo "2397"]
[WhiteFideId "5025931"]
[BlackFideId "35018701"]
[EventDate "2018.04.02"]

1. d4 Nf6 2. c4 g6 3. f3 Bg7 4. e4 d6 5. Nc3 O-O 6. Bg5 c5 7. d5 h6 8. Be3 e6 9.
Qd2 exd5 10. cxd5 a6 11. a4 h5 12. Nge2 Nbd7 13. Nc1 Ne5 14. Be2 Nh7 15. O-O f5
16. N1a2 Bd7 17. exf5 Bxf5 18. h3 Nf6 19. Rae1 Qa5 20. Bh6 Rae8 21. Bxg7 Kxg7
22. g4 Bd7 23. f4 Nf7 24. f5 hxg4 25. hxg4 gxf5 26. Bd3 Nxg4 27. Rxe8 Rxe8 28.
Bxf5 Bxf5 29. Rxf5 Qd8 30. Qf4 Re1+ 31. Kg2 Ne3+ 32. Kf2 Rf1+ 33. Kxe3 Rxf4 34.
Rxf4 Qg5 35. Ne4 Qxd5 36. Rg4+ Kh6 37. Nac3 Qd4+ 38. Ke2 Ne5 39. Rg3 Qc4+ 40.
Kd2 d5 41. Nd6 Qf4+ 42. Ke2 Ng6 0-1

[Event "20th Dubai Open 2018"]
[Site "Dubai UAE"]
[Date "2018.04.04"]
[Round "3.35"]
[White "Llopis de Aysa, Manuel"]
[Black "Sidhant, Mohapatra"]
[Result "0-1"]
[WhiteTitle "CM"]
[BlackTitle "IM"]
[WhiteElo "2147"]
[BlackElo "2382"]
[WhiteFideId "2203162"]
[BlackFideId "5028698"]
[EventDate "2018.04.02"]

1. d4 Nf6 2. Nf3 e6 3. e3 b6 4. Bd3 Bb7 5. O-O d6 6. c4 Nbd7 7. Nc3 e5 8. d5 g6
9. e4 Bg7 10. Be3 O-O 11. Nd2 Nh5 12. g3 Qe7 13. Be2 Nhf6 14. b4 Ne8 15. Nb3 f5
16. f3 Ndf6 17. g4 Bc8 18. a4 h5 19. g5 Nh7 20. h4 f4 21. Bf2 Bh3 22. Kh2 Bxf1
23. Bxf1 Nxg5 24. hxg5 Qxg5 25. Bh3 Qe7 26. a5 Nf6 27. Kg2 g5 28. Be6+ Kh8 29.
Qe2 c5 30. b5 Bh6 31. Rh1 Qg7 32. Kf1 Rae8 33. Na4 Qc7 34. Ke1 Kg7 35. Kd1 Rh8
36. Kc2 Kf8 37. Be1 Re7 38. Bf2 Rg7 39. Rg1 Qd8 40. Be1 Rb7 41. Rh1 Qe8 42. Rg1
Qg6 43. Bf5 Qg7 44. Be6 Qe7 45. Rh1 Bg7 46. Rg1 Ne8 47. Bf5 Bf6 48. Bc8 Rb8 49.
Bf5 Qg7 50. Be6 Bd8 51. a6 Bf6 52. Nc1 Qe7 53. Nd3 Ng7 54. Bh3 Kf7 55. Nc3 Rbg8
56. Kb3 Ke8 57. Nd1 Kd8 58. Nc3 Kc7 59. Nd1 Qd8 60. Nc3 Be7 61. Nd1 Ne8 62. Be6
Rg7 63. Nc3 Nf6 64. Nf2 Rh6 65. Rh1 Qh8 66. Ka3 g4 67. fxg4 hxg4 68. Rxh6 Qxh6
69. Nxg4 Nxg4 70. Bxg4 Bh4 71. Bd2 Bf2 72. Nd1 Bd4 73. Be1 Qg5 74. Bf3 Qg1 75.
Kb3 Rh7 76. Bf2 Bxf2 77. Qxf2 Qxf2 78. Nxf2 Rh2 79. Nd3 Kd8 80. Kc3 Ke7 81. Ne1
Kf6 82. Kd3 Ra2 83. Ng2 Kg5 84. Be2 Ra3+ 0-1

[Event "20th Dubai Open 2018"]
[Site "Dubai UAE"]
[Date "2018.04.04"]
[Round "3.36"]
[White "Berezin, Viktor"]
[Black "Afshari, Mohammadreza"]
[Result "1/2-1/2"]
[WhiteTitle "FM"]
[BlackTitle "FM"]
[WhiteElo "2382"]
[BlackElo "2165"]
[WhiteFideId "14107872"]
[BlackFideId "12501263"]
[EventDate "2018.04.02"]

1. d4 d5 2. c4 e6 3. Nf3 Nf6 4. g3 Be7 5. Bg2 O-O 6. O-O dxc4 7. Qc2 b6 8. Ne5
Nd5 9. Qxc4 Ba6 10. Qc2 c5 11. dxc5 Bxc5 12. Nc3 Bb7 13. Rd1 Qc7 14. Nd3 Nb4 15.
Nxb4 Bxg2 16. Kxg2 Bxb4 17. Rd4 Bxc3 18. bxc3 Nd7 19. Rh4 f5 20. c4 Rac8 21. Bb2
b5 22. Rc1 Nb6 23. Ba3 Rfd8 24. c5 Nc4 25. Rxc4 bxc4 26. Qxc4 Qc6+ 27. f3 Rd5
28. Rc2 Rcd8 29. Bc1 Rd4 30. Qc3 R8d5 31. Bb2 Rd7 32. Qxd4 Rxd4 33. Bxd4 Qa4 34.
Rd2 Qb4 35. Be3 Qc4 36. Kf2 g5 37. Bxg5 Qxc5+ 1/2-1/2

[Event "20th Dubai Open 2018"]
[Site "Dubai UAE"]
[Date "2018.04.04"]
[Round "3.37"]
[White "Dimarucut, Francis Erwin"]
[Black "Tissir, Mohamed"]
[Result "0-1"]
[BlackTitle "IM"]
[WhiteElo "2107"]
[BlackElo "2381"]
[WhiteFideId "5209277"]
[BlackFideId "9000240"]
[EventDate "2018.04.02"]

1. b3 e5 2. Bb2 Nc6 3. e3 a6 4. Nf3 e4 5. Nd4 Nf6 6. Nxc6 dxc6 7. Be2 Bd6 8. Nc3
Qe7 9. d3 exd3 10. Bxd3 O-O 11. Qd2 b5 12. a4 Rb8 13. h3 Re8 14. g4 Bb4 15. g5
Nd5 16. Kf1 Qc5 17. Ne4 Rxe4 18. c3 Nxe3+ 19. fxe3 Qxe3 20. Qxe3 Rxe3 21. Bxh7+
Kxh7 22. cxb4 Rxb3 23. Be5 Rxb4 24. axb5 cxb5 25. Kf2 Bb7 26. Rhc1 Re8 27. Rxc7
Bd5 28. g6+ Kxg6 29. Rxa6+ f6 30. Bc3 Rf4+ 31. Kg3 Rf3+ 32. Kg4 Rfe3 0-1

[Event "20th Dubai Open 2018"]
[Site "Dubai UAE"]
[Date "2018.04.04"]
[Round "3.38"]
[White "Omar, Noaman"]
[Black "Ma, Lin"]
[Result "1/2-1/2"]
[WhiteTitle "IM"]
[WhiteElo "2372"]
[BlackElo "2156"]
[WhiteFideId "9300244"]
[BlackFideId "8610533"]
[EventDate "2018.04.02"]

1. d4 Nf6 2. c4 g6 3. Nc3 d5 4. cxd5 Nxd5 5. e4 Nxc3 6. bxc3 Bg7 7. Nf3 c5 8.
Be3 Qa5 9. Bd2 O-O 10. h3 Rd8 11. Bc4 Nc6 12. O-O Qc7 13. Rc1 b6 14. d5 Na5 15.
Be2 c4 16. Bg5 f5 17. e5 Bb7 18. d6 exd6 19. Bxd8 Rxd8 20. e6 Qe7 21. Nd4 d5 22.
Re1 Nc6 23. Nxc6 Bxc6 24. Bf3 Rd6 25. Qd2 Bf6 26. Rcd1 Kg7 27. g3 Bg5 28. Qd4+
Bf6 29. Qe3 Bg5 30. Qe2 Bf6 31. Rc1 Bg5 32. Rcd1 Bf6 33. Qe3 1/2-1/2

[Event "20th Dubai Open 2018"]
[Site "Dubai UAE"]
[Date "2018.04.05"]
[Round "4.2"]
[White "Zubov, Alexander"]
[Black "Ganguly, Surya Shekhar"]
[Result "1/2-1/2"]
[WhiteTitle "GM"]
[BlackTitle "GM"]
[WhiteElo "2606"]
[BlackElo "2642"]
[WhiteFideId "14109409"]
[BlackFideId "5002150"]
[EventDate "2018.04.02"]

1. e4 e5 2. Nf3 Nc6 3. Bc4 Nf6 4. d3 Bc5 5. Bg5 h6 6. Bh4 d6 7. c3 g5 8. Bg3 Nh5
9. Nbd2 Qf6 10. Qe2 a6 11. Bb3 Be6 12. Ba4 b5 13. Bb3 Nf4 14. Bxf4 Qxf4 15. Nf1
Ne7 16. g3 Qf6 17. Ne3 c6 18. Bxe6 Qxe6 19. O-O Bb6 20. Kg2 O-O 21. h4 f5 22.
exf5 Nxf5 23. hxg5 Bxe3 24. fxe3 e4 25. Nd4 exd3 26. Nxe6 dxe2 27. Rf3 Rfe8 28.
Rxf5 Rxe6 29. Re1 Rxe3 30. gxh6 d5 31. g4 Rae8 32. g5 R8e6 33. Kf2 Rh3 34. Kg2
Rhe3 35. Kf2 Rh3 36. Kg2 Rhe3 37. Kf2 1/2-1/2

[Event "20th Dubai Open 2018"]
[Site "Dubai UAE"]
[Date "2018.04.05"]
[Round "4.3"]
[White "Sethuraman, S.P."]
[Black "Narayanan, S.L."]
[Result "1-0"]
[WhiteTitle "GM"]
[BlackTitle "GM"]
[WhiteElo "2631"]
[BlackElo "2568"]
[WhiteFideId "5021596"]
[BlackFideId "5058422"]
[EventDate "2018.04.02"]

1. Nf3 d5 2. d4 Nf6 3. c4 e6 4. Nc3 Be7 5. Bf4 O-O 6. a3 dxc4 7. e3 Nd5 8. Bxc4
Nxf4 9. exf4 Bf6 10. Qd2 Nd7 11. Ne4 Nb6 12. Bb3 Bd7 13. Qd3 Bc6 14. O-O g6 15.
Rac1 Bxe4 16. Qxe4 c6 17. g3 Nd5 18. Rfd1 Qb6 19. Rd3 Rfd8 20. h4 Rd7 21. h5
Rad8 22. Kg2 Nc7 23. hxg6 hxg6 24. Rcd1 Qb5 25. Ne5 Bxe5 26. fxe5 Kg7 27. Rh1
Rh8 28. Rxh8 Kxh8 29. Rd1 Kg8 30. Rh1 Nd5 31. Qh4 Kf8 32. Bxd5 Qxd5+ 33. f3 1-0

[Event "20th Dubai Open 2018"]
[Site "Dubai UAE"]
[Date "2018.04.05"]
[Round "4.4"]
[White "Ghaem Maghami, Ehsan"]
[Black "Jones, Gawain C B"]
[Result "1/2-1/2"]
[WhiteTitle "GM"]
[BlackTitle "GM"]
[WhiteElo "2523"]
[BlackElo "2675"]
[WhiteFideId "12500739"]
[BlackFideId "409561"]
[EventDate "2018.04.02"]

1. d4 Nf6 2. c4 g6 3. g3 Bg7 4. Bg2 O-O 5. Nc3 d6 6. Nf3 Nc6 7. O-O Rb8 8. b3 a6
9. e3 b5 10. Qe2 Bd7 11. Bb2 Na5 12. Nd2 Bg4 13. f3 Bd7 14. Rfd1 Re8 15. Rac1
bxc4 16. Nxc4 c6 17. e4 Bh6 18. Ne3 e5 19. dxe5 Qb6 20. Re1 dxe5 21. Na4 Qa7 22.
Kh1 c5 23. Nxc5 Bb5 24. Qf2 Rbc8 25. b4 Nc6 26. a3 a5 27. Ra1 axb4 28. axb4 Qb6
29. Bc3 Bf8 30. Rac1 Bxc5 31. bxc5 Qxc5 32. Ng4 Qxf2 33. Nxf2 Ra8 34. Rb1 Rab8
35. Kg1 h5 1/2-1/2

[Event "20th Dubai Open 2018"]
[Site "Dubai UAE"]
[Date "2018.04.05"]
[Round "4.5"]
[White "Rakhmanov, Aleksandr"]
[Black "Kiriakov, Petr"]
[Result "1-0"]
[WhiteTitle "GM"]
[BlackTitle "GM"]
[WhiteElo "2652"]
[BlackElo "2520"]
[WhiteFideId "4173708"]
[BlackFideId "4119231"]
[EventDate "2018.04.02"]

1. c4 e6 2. Nc3 d5 3. d4 Nf6 4. Bg5 Nbd7 5. e3 Be7 6. Nf3 h6 7. Bf4 c6 8. Rc1
O-O 9. h3 Ne4 10. Bd3 Nxc3 11. bxc3 b6 12. cxd5 cxd5 13. g4 Nf6 14. g5 Ne4 15.
gxh6 g6 16. Ne5 Kh7 17. Qg4 Qe8 18. h4 Rg8 19. Qe2 f6 20. Ng4 f5 21. Ne5 Bd7 22.
f3 Nf6 23. Kf2 Nh5 24. Bg5 Ba3 25. Rcg1 Rc8 26. c4 dxc4 27. Nxc4 Bf8 28. Ne5 Bd6
29. Ba6 Rb8 30. Bd3 b5 31. Rc1 a6 32. Rc2 Rb7 33. Rhc1 Rf8 34. Qd2 Ba3 35. Rc7
Bxc1 36. Qxc1 Qb8 37. Rxd7+ Rxd7 38. Nxd7 Qg3+ 39. Ke2 Qg2+ 40. Ke1 Qg1+ 41. Kd2
Qh2+ 42. Be2 Rf7 43. Qc6 f4 44. Qxe6 fxe3+ 45. Bxe3 Rxf3 46. Qe7+ Kg8 47. Qe8+
Kh7 48. Nf8+ Kg8 49. Ne6+ Kh7 50. Ng5+ 1-0

[Event "20th Dubai Open 2018"]
[Site "Dubai UAE"]
[Date "2018.04.05"]
[Round "4.6"]
[White "Mareco, Sandro"]
[Black "Vishnu Prasanna, V"]
[Result "1/2-1/2"]
[WhiteTitle "GM"]
[BlackTitle "GM"]
[WhiteElo "2645"]
[BlackElo "2510"]
[WhiteFideId "112275"]
[BlackFideId "5030692"]
[EventDate "2018.04.02"]

1. Nf3 c5 2. g3 Nc6 3. Bg2 g6 4. O-O Bg7 5. c4 d6 6. Nc3 e6 7. d3 Nge7 8. Bd2
O-O 9. a3 b6 10. Rb1 Bb7 11. b4 Qd7 12. Nb5 Rfd8 13. bxc5 dxc5 14. a4 a5 15. Qc1
Nf5 16. Re1 Rac8 17. g4 Nfd4 18. Nbxd4 Nxd4 19. Nxd4 Bxg2 20. Kxg2 Qxd4 21. h3
Rc6 22. Rb3 f5 23. Bc3 Qd6 24. Bxg7 Kxg7 25. Qb2+ e5 26. Rb1 fxg4 27. hxg4 Qe6
28. Rxb6 Qxg4+ 29. Kf1 Rxb6 30. Qxb6 Rf8 31. Qc7+ Kg8 32. Rb8 Qh3+ 33. Ke1 Qh1+
34. Kd2 Qh6+ 35. Kd1 Rxb8 36. Qxb8+ Qf8 37. Qb5 e4 38. Qxa5 exd3 39. exd3 Qxf2
40. Qd8+ Kf7 41. Qd7+ Kf8 42. Qd6+ Kf7 43. Qe5 Qa2 44. Qc7+ Ke6 45. Qb6+ Kd7 46.
Qb7+ Ke6 47. Qb6+ Kd7 48. a5 Qa1+ 49. Kd2 Qa2+ 50. Ke3 Qg2 51. Qa7+ Kd6 52. Qb8+
Kd7 53. Qf4 Qg1+ 54. Ke2 Qg2+ 55. Kd1 Qc6 56. Qf7+ Kc8 57. Qg8+ Kb7 58. Qxh7+
Ka6 59. Kd2 Kxa5 60. Qa7+ Kb4 61. Qb8+ Ka5 62. Qa7+ Kb4 63. Qb8+ Ka5 64. Kc3 Ka6
65. Qd8 1/2-1/2

[Event "20th Dubai Open 2018"]
[Site "Dubai UAE"]
[Date "2018.04.05"]
[Round "4.7"]
[White "Adly, Ahmed"]
[Black "Karthik, Venkataraman"]
[Result "1/2-1/2"]
[WhiteTitle "GM"]
[BlackTitle "FM"]
[WhiteElo "2626"]
[BlackElo "2470"]
[WhiteFideId "10601619"]
[BlackFideId "25006479"]
[EventDate "2018.04.02"]

1. c4 c5 2. Nf3 Nc6 3. g3 g6 4. Bg2 Bg7 5. O-O e6 6. Nc3 Nge7 7. a3 d5 8. cxd5
exd5 9. d3 O-O 10. Bf4 b6 11. Qd2 Bg4 12. Rab1 d4 13. Ne4 Nd5 14. Bh6 a5 15. h3
Bxf3 16. Bxf3 Re8 17. Rfc1 Qd7 18. Bxg7 Kxg7 19. Nxc5 bxc5 20. Rxc5 Nce7 21. h4
Rac8 22. Rxa5 Nf6 23. Qf4 h5 24. b4 Nf5 25. Rc1 Rc3 26. Rc5 Rc8 27. a4 R8xc5 28.
bxc5 Qxa4 29. c6 Qa3 30. Rb1 Qa2 31. Rb5 Qa1+ 32. Kh2 Qc1 33. Qxc1 Rxc1 34. Kg2
Ne8 35. Rb7 Ned6 36. Rd7 Rc5 37. Kh3 Kf6 38. g4 hxg4+ 39. Kxg4 Ke6 40. Ra7 Ne7
41. Ra6 Nb5 42. e3 dxe3 43. fxe3 Nc7 44. Ra7 Nxc6 45. d4 Nxa7 46. dxc5 Ke5 47.
h5 gxh5+ 48. Kxh5 Nab5 49. c6 Nd6 50. Bg4 Nc4 51. Kh6 Nxe3 52. Kg7 f6 53. Bd7
Nc4 54. Kf7 Nd5 55. Kg6 Ncb6 56. Kf7 Kd6 57. Bh3 Kxc6 58. Ke6 Nc4 59. Bg2 Ne3
60. Be4 Kc5 61. Bf3 Kd4 62. Bh1 Nf4+ 63. Kxf6 1/2-1/2

[Event "20th Dubai Open 2018"]
[Site "Dubai UAE"]
[Date "2018.04.05"]
[Round "4.8"]
[White "Deepan, Chakkravarthy J."]
[Black "Yilmaz, Mustafa"]
[Result "1/2-1/2"]
[WhiteTitle "GM"]
[BlackTitle "GM"]
[WhiteElo "2499"]
[BlackElo "2626"]
[WhiteFideId "5011132"]
[BlackFideId "6302718"]
[EventDate "2018.04.02"]

1. c4 e6 2. Nc3 d5 3. d4 Nf6 4. cxd5 exd5 5. Bg5 c6 6. e3 Be7 7. Bd3 Nbd7 8. Nf3
Ne4 9. Bf4 Ndf6 10. Qc2 O-O 11. O-O Bf5 12. Ng5 Nxg5 13. Bxf5 Ne6 14. Be5 g6 15.
Bxe6 fxe6 16. h3 Rc8 17. Rad1 Bd6 18. a3 a6 19. Qe2 Qe7 20. Rd2 c5 21. Bxd6 Qxd6
22. dxc5 Rxc5 23. Rfd1 Qc6 24. Rd3 Rc4 25. Rd4 b5 26. Rxc4 Qxc4 27. Qd2 Rc8 28.
f3 b4 29. axb4 Qxb4 30. Ra1 Rc6 31. Ra4 1/2-1/2

[Event "20th Dubai Open 2018"]
[Site "Dubai UAE"]
[Date "2018.04.05"]
[Round "4.9"]
[White "Gupta, Abhijeet"]
[Black "Venkatesh, M.R."]
[Result "1-0"]
[WhiteTitle "GM"]
[BlackTitle "GM"]
[WhiteElo "2617"]
[BlackElo "2487"]
[WhiteFideId "5010608"]
[BlackFideId "5005779"]
[EventDate "2018.04.02"]

1. d4 Nf6 2. c4 g6 3. Nc3 Bg7 4. e4 d6 5. Nf3 O-O 6. Be2 Na6 7. Bf4 Bg4 8. O-O
Nd7 9. h3 Bxf3 10. Bxf3 e5 11. Be3 exd4 12. Bxd4 Bxd4 13. Qxd4 Nac5 14. Rad1 Re8
15. Bg4 Nf6 16. Rfe1 h5 17. e5 Nh7 18. exd6 Rxe1+ 19. Rxe1 hxg4 20. Qxc5 cxd6
21. Qd4 Qb6 22. Qxb6 axb6 23. hxg4 Nf6 24. g5 Nd7 25. Rd1 Ne5 26. b3 b5 27. cxb5
Rc8 28. Ne4 Rc2 29. Nf6+ Kf8 30. f4 1-0

[Event "20th Dubai Open 2018"]
[Site "Dubai UAE"]
[Date "2018.04.05"]
[Round "4.10"]
[White "Christiansen, Johan-Sebastian"]
[Black "Tabatabaei, M.amin"]
[Result "1/2-1/2"]
[WhiteTitle "IM"]
[BlackTitle "IM"]
[WhiteElo "2498"]
[BlackElo "2605"]
[WhiteFideId "1512668"]
[BlackFideId "12521213"]
[EventDate "2018.04.02"]

1. e4 g6 2. d4 Bg7 3. Nc3 d6 4. f4 Nf6 5. Nf3 O-O 6. e5 Nfd7 7. h4 c5 8. d5 dxe5
9. h5 Qb6 10. hxg6 hxg6 11. Qd2 exf4 12. Qxf4 Qb4 13. Bc4 b5 14. Bxb5 Bxc3+ 15.
bxc3 Qxc3+ 16. Kf2 Qxa1 17. Qh4 Qg7 18. Bh6 Qh8 19. Qxe7 Ba6 20. Ba4 Rc8 21.
Bxd7 Nxd7 22. Qxd7 Rd8 23. Qa4 Bb7 24. c4 Re8 25. Qa3 Re4 26. Qxc5 Rae8 27. Qb5
Bc8 28. Rh4 Re2+ 29. Kg3 Qa1 30. Bg5 Bf5 31. d6 a6 32. Qc6 Qb2 33. Rh2 R8e4 34.
Qa8+ Re8 35. Qc6 R8e4 36. Qa8+ Re8 37. Qc6 1/2-1/2

[Event "20th Dubai Open 2018"]
[Site "Dubai UAE"]
[Date "2018.04.05"]
[Round "4.11"]
[White "Darini, Pouria"]
[Black "Volkov, Sergey"]
[Result "1/2-1/2"]
[WhiteTitle "GM"]
[BlackTitle "GM"]
[WhiteElo "2478"]
[BlackElo "2598"]
[WhiteFideId "12502200"]
[BlackFideId "4122763"]
[EventDate "2018.04.02"]

1. e4 e6 2. d4 d5 3. Nc3 dxe4 4. Nxe4 Nd7 5. Nf3 Ngf6 6. Bd3 c5 7. Nxf6+ Nxf6 8.
dxc5 Bxc5 9. Qe2 Bd7 10. Ne5 Qc7 11. O-O Bd6 12. Bf4 Bc6 13. Bg3 O-O 14. Rad1
Rad8 15. Rd2 g6 16. Rfd1 Nh5 17. Nxc6 Nxg3 18. hxg3 bxc6 19. Be4 Be7 20. Rxd8
Rxd8 21. Rxd8+ Bxd8 22. Qa6 c5 23. Qc6 Qb6 24. Qxb6 axb6 25. g4 Kf8 26. Kf1 Ke7
27. Ke2 Kd6 28. f4 f5 29. gxf5 exf5 30. Bb7 Bf6 1/2-1/2

[Event "20th Dubai Open 2018"]
[Site "Dubai UAE"]
[Date "2018.04.05"]
[Round "4.12"]
[White "Chakravarthi Reddy, M"]
[Black "Can, Emre"]
[Result "1/2-1/2"]
[WhiteTitle "IM"]
[BlackTitle "GM"]
[WhiteElo "2442"]
[BlackElo "2590"]
[WhiteFideId "25009532"]
[BlackFideId "6302181"]
[EventDate "2018.04.02"]

1. d4 Nf6 2. c4 c5 3. d5 e6 4. Nc3 exd5 5. cxd5 d6 6. Nf3 g6 7. g3 Bg7 8. Bg2
O-O 9. O-O Re8 10. Nd2 b6 11. Nc4 Ba6 12. Qa4 Bxc4 13. Qxc4 a6 14. Qh4 b5 15.
Bg5 Nbd7 16. Ne4 h6 17. Nxf6+ Nxf6 18. Bxh6 Bxh6 19. Qxh6 Rxe2 20. b3 Qe7 21.
Bf3 Re5 22. a4 b4 23. Rac1 Re8 24. Rc4 Qf8 25. Qd2 a5 26. Rf4 Qg7 27. h4 Ne4 28.
Qd3 Nc3 29. Qa6 Nxd5 30. Bxd5 Rxd5 31. Qxa5 Rd4 32. Qb5 Rf8 33. Rxd4 Qxd4 34.
Re1 Qc3 35. Re3 Qc1+ 36. Kg2 d5 37. h5 Qc2 38. Qc6 c4 39. Qxd5 c3 40. Rd3 Qe2
41. hxg6 Qe6 42. gxf7+ Qxf7 43. Qxf7+ Kxf7 44. Rd7+ Ke6 45. Rc7 Rd8 46. Rc4 Rd1
47. a5 Ra1 48. Kf3 Rxa5 49. Rxb4 Rc5 50. Re4+ Kd5 51. Re1 c2 52. Rc1 Kd4 53. g4
Kc3 54. Kf4 Kb2 55. Rg1 Rd5 56. f3 Kxb3 57. Rc1 Kb2 58. Rxc2+ Kxc2 59. g5 Kd3
60. g6 Kd4 61. g7 1/2-1/2

[Event "20th Dubai Open 2018"]
[Site "Dubai UAE"]
[Date "2018.04.05"]
[Round "4.13"]
[White "Sundararajan, Kidambi"]
[Black "Krysa, Leandro"]
[Result "1/2-1/2"]
[WhiteTitle "GM"]
[BlackTitle "GM"]
[WhiteElo "2436"]
[BlackElo "2543"]
[WhiteFideId "5005370"]
[BlackFideId "116807"]
[EventDate "2018.04.02"]

1. d4 Nf6 2. c4 g6 3. Nc3 d5 4. Nf3 Bg7 5. e3 O-O 6. cxd5 Nxd5 7. Bc4 Nxc3 8.
bxc3 c5 9. O-O Qc7 10. Qe2 Nc6 11. Rd1 b6 12. Bb2 Bb7 13. e4 cxd4 14. cxd4 Qf4
15. Bc1 Qg4 16. h3 Qd7 17. Bb2 Na5 18. Bb5 Bc6 19. Bxc6 Qxc6 20. d5 Qc4 21. Qxc4
Nxc4 22. Bxg7 Kxg7 23. Nd4 Na5 24. Rac1 Rfc8 25. f4 Rc5 26. Rxc5 bxc5 27. Nb5 a6
28. Nc3 Rb8 29. d6 Nc6 30. dxe7 Nxe7 31. Rd7 Nc6 32. Rc7 Nb4 33. e5 Rb6 34. Rxc5
Nd3 35. Rc4 Rb2 36. Nd5 Rxa2 37. g4 g5 38. Rd4 Nxf4 39. Nxf4 gxf4 40. Rxf4 a5
41. Re4 Kf8 42. e6 fxe6 43. Rxe6 Kf7 1/2-1/2

[Event "20th Dubai Open 2018"]
[Site "Dubai UAE"]
[Date "2018.04.05"]
[Round "4.14"]
[White "Sidhant, Mohapatra"]
[Black "Akopian, Vladimir"]
[Result "1/2-1/2"]
[WhiteTitle "IM"]
[BlackTitle "GM"]
[WhiteElo "2382"]
[BlackElo "2667"]
[WhiteFideId "5028698"]
[BlackFideId "13300032"]
[EventDate "2018.04.02"]

1. e4 c5 2. Nf3 e6 3. d4 cxd4 4. Nxd4 a6 5. Be2 Nf6 6. Nc3 Qc7 7. O-O Bb4 8. Qd3
O-O 9. Bd2 Nc6 10. Nxc6 bxc6 11. f4 d5 12. e5 Nd7 13. Na4 a5 14. c3 Be7 15. c4
dxc4 16. Qc2 Ba6 17. Be3 Bb5 18. Bxc4 Bxa4 19. Qxa4 Bc5 20. Bxc5 Nxc5 21. Qc2
Rad8 22. Rac1 Rd4 23. Be2 Ne4 24. Qxc6 Qb8 25. Qb5 Qd8 26. h3 Rd2 27. Kh2 Qd4
28. Rf3 g6 29. Rc4 Qd5 30. Ra4 Rc8 31. Qxd5 exd5 32. Bd3 Nf2 33. Ra3 Rxb2 34. f5
Nxd3 35. Raxd3 Rxa2 36. Rxd5 gxf5 37. Rxf5 Kh8 38. Rg5 1/2-1/2

[Event "20th Dubai Open 2018"]
[Site "Dubai UAE"]
[Date "2018.04.05"]
[Round "4.15"]
[White "Anton Guijarro, David"]
[Black "Tissir, Mohamed"]
[Result "1/2-1/2"]
[WhiteTitle "GM"]
[BlackTitle "IM"]
[WhiteElo "2653"]
[BlackElo "2381"]
[WhiteFideId "2285525"]
[BlackFideId "9000240"]
[EventDate "2018.04.02"]

1. d4 Nf6 2. c4 g6 3. Nc3 Bg7 4. e4 d6 5. h3 O-O 6. Be3 Nbd7 7. g4 c5 8. Nge2
Qa5 9. Bg2 cxd4 10. Bxd4 Ne5 11. g5 Nh5 12. b3 f6 13. gxf6 Rxf6 14. Qd2 Nf3+ 15.
Bxf3 Rxf3 16. Bxg7 Kxg7 17. Rg1 h6 18. h4 Qe5 19. Nd4 Rf4 20. O-O-O Bg4 21. Rde1
Raf8 22. Rg2 Bh3 23. Rh2 Bg4 24. Re3 Kh7 25. Rg2 Bf3 26. Rg1 Bg4 27. Rg2 Bf3 28.
Rg1 Bg4 29. Rg2 1/2-1/2

[Event "20th Dubai Open 2018"]
[Site "Dubai UAE"]
[Date "2018.04.05"]
[Round "4.16"]
[White "Padmini, Rout"]
[Black "Safarli, Eltaj"]
[Result "0-1"]
[WhiteTitle "IM"]
[BlackTitle "GM"]
[WhiteElo "2360"]
[BlackElo "2653"]
[WhiteFideId "5029295"]
[BlackFideId "13402129"]
[EventDate "2018.04.02"]

1. e4 c5 2. Nf3 Nc6 3. Nc3 e6 4. d4 cxd4 5. Nxd4 Qc7 6. Be3 Nf6 7. Qf3 a6 8.
O-O-O Be7 9. Nxc6 bxc6 10. g4 d5 11. g5 Nd7 12. h4 Rb8 13. exd5 cxd5 14. Bf4 Bd6
15. Bxd6 Qxd6 16. Qe3 O-O 17. a3 Bb7 18. f4 Rfd8 19. Rh2 Qc5 20. Qxc5 Nxc5 21.
Ne2 a5 22. Nd4 Rd6 23. h5 Ba6 24. Bh3 a4 25. Rg1 Rdb6 26. g6 Rxb2 27. gxf7+ Kxf7
28. Kd2 Ra2 29. Re1 Rb6 30. f5 Ne4+ 31. Rxe4 dxe4 32. fxe6+ Ke8 33. Ke3 Rxa3+
34. Kf4 e3 35. Nf5 e2 36. Rh1 Rxh3 0-1